000 00669nam a2200217 4500
003 OSt
005 20240628031508.0
006 a
008 240628b |||||||| |||| 00| 0 eng d
020 _a9780521146777
040 _aDWCL-HMN lib.
_cOC
082 _aCirc. 362.1 G562 2011
110 _aSolomon Benatar
245 _aGlobal health and global health ethics /
260 _aCambridge :
_bCambridge University Press,
_cc2011.
300 _aviii,
_b342 p. : ill. ;
_c25 cm.
504 _aIncludes bibliographical references & index.
650 _a1. World health.
650 _a2. Publ;ic health-Moral and ethical aspects.
942 _2ddc
_n0
_cBK-CIRC
_kCirc.
999 _c1567
_d1567